| 000 | 00868nam a22002657a 4500 | ||
|---|---|---|---|
| 003 | OSt | ||
| 005 | 20260413090925.0 | ||
| 008 | 260413b |||||||| |||| 00| 0 eng d | ||
| 010 | _a87060252 | ||
| 020 | _a0931933390 | ||
| 040 | _cRICHARDSON & STEIRMAN , INC. | ||
| 041 | _aenglish | ||
| 050 |
_aTK 1362 .I45 1987 _b.I45 1987 |
||
| 100 | _aaIllesh, Andrey. | ||
| 245 |
_aChernobyl / _cAndrey Illesh ; translated from the RussiaN. |
||
| 250 | _aFIRST EDITION. | ||
| 260 |
_aNew York : _bRichardson & Steirman, Inc., _c1987 |
||
| 300 |
_a200 pages; _c24 cm |
||
| 500 | _aTranslation of a work originally published in Russian. | ||
| 650 | _aChernobyl Nuclear Accident, 1986. | ||
| 650 |
_aNuclear power plants _xAccidents, Ukraine, |
||
| 650 | _aRadiation injuries. | ||
| 655 |
_2lcgft _aNonfiction works. |
||
| 942 |
_2lcc _cBK _e1st ed. _n0 |
||
| 999 |
_c10052 _d10052 |
||